Music Quiz

Random Music or Kpop Quiz

How Well Do You Know B1A4 Quiz Stats

 Plays Quiz not verified by Sporcle

Also try: Music by Numbers
Challenge
Share
Tweet
Embed
Score 0/35 Timer 20:00
0 Plays Today
Hint Answer % Correct
Leader, Lead VocalJung Jinyoung
98.3%
Vocal, Rapper(Stage Name)CNU
98.3%
Main Rapper(Stage Name)Baro
98.3%
Main Vocal(Stage Name)Sandeul
97.8%
Vocal,Maknae(Stage Name)Gongchan
97.5%
FandomBANA
93%
Which Member Is The Only One To Have Type B BloodBaro
87.4%
CompanyWM Entertainment
87.1%
Which Member Is The Group's Main ComposerJinyoung
86.8%
Which Member Is Known For Having One Of The Strongest Voices In K-popSandeul
86.8%
Which Member Is The Best At MathGongchan
86.6%
Which Member Knows Taekwando CNU
86%
Which Member Debuted As A Soloist In 2016Sandeul
82.4%
What Was B1A4's Debut AlbumLet's Fly
80.4%
How Many Times Did B1A4 Win With A Lie3
77.3%
How Many Times Did B1A4 Win With Sweet Girl1
76.5%
What Is Gongchan's Real NameGong Chansik
76.2%
How Many Times Did B1A4 Win With What's Happening1
76.2%
Hint Answer % Correct
How Many Times Did B1A4 Win With Lonely8
75.9%
How Many Times Did B1A4 Win With Solo Day3
75.9%
What Is CNU's Real NameShin Dongwoo
70%
What Song Was B1A4's First WinWhat's Happening
70%
What Is Baro's Real NameCha Sunwoo
68.6%
What Was B1A4's Third Full AlbumGood Timing
66.3%
What Is Sandeul's Real NameLee Junghwan
64.7%
What Was B1A4's Sixth Mini AlbumSweet Girl
64.1%
What Was B1A4's Second Full AlbumWho Am I
63.9%
What Was B1A4's Fifth Mini AlbumSolo Day
63.6%
What Was B1A4's Second Mini AlbumIt B1A4
59.1%
What Was B1A4's First Full AlbumIgnition
59.1%
What Was B1A4's First Full Album RepackagedIgnition Special Edition
56%
What Was B1A4's Third Mini AlbumIn The Wind
53.2%
What Was Sandeul's Debut AlbumStay As You Are
50.4%
Debut DateApril 23, 2011
46.2%
What Was B1A4's Fourth Mini AlbumWhat's Going On
37.8%

You're not logged in!

Compare scores with friends on all Sporcle quizzes.
Join for Free
OR
Log In

You Might Also Like...

Show Comments

Extras

Created Nov 3, 2016ReportNominate
Tags:Kpop Quiz, Kpop Quiz

Top Quizzes Today


Score Distribution

Your Account Isn't Verified!

In order to create a playlist on Sporcle, you need to verify the email address you used during registration. Go to your Sporcle Settings to finish the process.

Report this User

Report this user for behavior that violates our Community Guidelines.

Details: